Արսեն Այտընյանի «Քննական քերականություն աշխարհաբար կամ արդի հայերեն լեզվի» աշխատության «Նախաշավիղը» / (Record no. 538951)
[ view plain ]
| 000 -LEADER | |
|---|---|
| fixed length control field | 01046nam a2200229 a 4500 |
| 001 - CONTROL NUMBER | |
| control field | 000549892 |
| 003 - CONTROL NUMBER IDENTIFIER | |
| control field | AM-YEHGA |
| 005 - DATE AND TIME OF LATEST TRANSACTION | |
| control field | 20260123094633.0 |
| 008 - FIXED-LENGTH DATA ELEMENTS--GENERAL INFORMATION | |
| fixed length control field | 070911s1945 ai | |||||||||||||arm|d |
| 040 ## - CATALOGING SOURCE | |
| Original cataloging agency | AM-YEHGA |
| 041 0# - LANGUAGE CODE | |
| Language code of text/sound track or separate title | arm |
| 100 1# - MAIN ENTRY--PERSONAL NAME | |
| Personal name | Աբրահամյան, Ա.Ա. |
| 245 10 - TITLE STATEMENT | |
| Title | Արսեն Այտընյանի «Քննական քերականություն աշխարհաբար կամ արդի հայերեն լեզվի» աշխատության «Նախաշավիղը» / |
| Statement of responsibility, etc. | Ա.Ա. Աբրահամյան; ՀՍՍՌ պետ. մանկ. ին-տ. |
| 260 ## - PUBLICATION, DISTRIBUTION, ETC. | |
| Place of publication, distribution, etc. | Երևան : |
| Name of publisher, distributor, etc. | տպ. Հեռ. մանկ. ին-տի, |
| Date of publication, distribution, etc. | 1945. |
| 300 ## - PHYSICAL DESCRIPTION | |
| Extent | 215-255 էջ ; |
| Dimensions | 21 սմ. |
| 500 ## - GENERAL NOTE | |
| General note | (Արտատպված Մանկ. ինստիտուտի № 2 գիտ. աշխ. ժողովածուից) |
| 504 ## - BIBLIOGRAPHY, ETC. NOTE | |
| Bibliography, etc. note | Մատենագիտ. տողատ. ծանոթ. |
| 600 14 - SUBJECT ADDED ENTRY--PERSONAL NAME | |
| Personal name | Այտնյան, Արսեն |
| 650 14 - SUBJECT ADDED ENTRY--TOPICAL TERM | |
| Topical term or geographic name entry element | Հայոց լեզու |
| Form subdivision | Դասագիրք |
| 9 (RLIN) | 5515 |
| 710 2# - ADDED ENTRY--CORPORATE NAME | |
| Corporate name or jurisdiction name as entry element | Պետական մանկավարժական ինստիտուտ ՀՍՍՌ |
| 942 00 - ADDED ENTRY ELEMENTS (KOHA) | |
| Source of classification or shelving scheme | Universal Decimal Classification |
| Koha item type | Գրքեր / Books |
| Withdrawn status | Lost status | Damaged status | Not for loan | Collection | Home library | Current library | Date acquired | Total checkouts | Full call number | Barcode | Date last seen | Price effective from | Koha item type | Public note |
|---|---|---|---|---|---|---|---|---|---|---|---|---|---|---|
| Fundamental Scientific Library | Fundamental Scientific Library | 19/11/2025 | Ղար/745 | FL0700930 | 19/11/2025 | 04/12/2025 | Գրքեր / Books | ILL Non-Circ. |
ՀՀ Գիտությունների ազգային ակադեմիայի հիմնարար գիտական գրադարան = Fundamental Scientific Library of NAS RA
All site content, except where otherwise noted, is licensed under a